[Event "Pan American Intercollegiate-chT"]
[Site "Charlotte"]
[Date "2019.12.27"]
[Round "1.2"]
[White "Ipatov, Alexander"]
[Black "Webster, Kyle D"]
[Result "1-0"]
[WhiteElo "2631"]
[BlackElo "1893"]
[PlyCount "115"]
[EventDate "2019.12.27"]
[EventType "team-swiss"]
[EventRounds "6"]
[EventCountry "USA"]
[SourceTitle "CBM 194 Extra"]
[Source "ChessBase"]
[SourceDate "2020.03.31"]
[SourceVersion "1"]
[SourceVersionDate "2020.03.31"]
[SourceQuality "1"]
[WhiteTeam "St Louis Univ"]
[BlackTeam "Michigan Univ"]
[WhiteTeamCountry "USA"]
[BlackTeamCountry "USA"]

1. d4 d5 2. c4 c6 3. Nf3 Nf6 4. Nc3 a6 5. g3 b5 6. b3 g6 7. Bg2 Bg7 8. 0-0 0-0 9. Ne5 Bb7 10. Bf4 Nbd7 11. Rc1 Nb6 12. cxd5 cxd5 13. Nd3 Ra7 14. Qd2 Ne4 15. Qe3 Nd6 16. Be5 Nf5 17. Qd2 Bh6 18. Bf4 Bg7 19. e3 e6 20. Nxb5 axb5 21. Bc7 Qa8 22. Bxb6 Rxa2 23. Rc2 Rxc2 24. Qxc2 Qa6 25. Bc5 Rc8 26. Qb1 h5 27. Bb4 Bf8 28. Bxf8 Kxf8 29. Nc5 Qa7 30. Qe1 Bc6 31. f3 Re8 32. g4 Ng7 33. Nd3 Kg8 34. Qb4 e5 35. Rc1 Ba8 36. Qc5 Qxc5 37. Nxc5 exd4 38. exd4 b4 39. Bf1 Rc8 40. Re1 Ne6 41. Nxe6 fxe6 42. Rxe6 Kf7 43. Ra6 Kg7 44. Bb5 Rc3 45. g5 Rc8 46. h4 Rf8 47. Kf2 Bb7 48. Ra7 Rf7 49. Be8 Rc7 50. Kg3 Kh7 51. Bb5 Rg7 52. Bd3 Bc8 53. Rxg7+ Kxg7 54. Kf4 Kf7 55. Ke5 Bh3 56. Kxd5 Be6+ 57. Kc5 Bxb3 58. Bc4+ 1-0